00929nam a2200181 a 450000100100000000500170001000800410002704000250006808200160009310000440010924501940015326000500034770000450039770000620044270000390050495201870054399900170073000003544920200930074342.0111031s1961 xxu 000 0 eng d aDO-SdBNPbspacBNPHU axxxxbM114d1 aDostoyevsky, Fyodor,d1821-1881.91988910aNotes from underground, white Nights , the dream of a rediculous man , and selections from the house of the dead /cDostoyevsky ; a new translation with an afterword by Andrew R. MacAndrew. aNew York, :bThe New American Library,c1961.12aDostoyevsky, Fyodortwhite Nights96128912aDostoyevsky, Fyodortthe dream of a rediculous man96129012aMacAndrew, Andrew R.d1911-961291 001050718MOaGRbGRcCTd2011-10-31iLF1l0oxxxx M114dp35449-10r2020-06-25w2020-06-25y1zPerteneció a la biblioteca personal de Juan Isidro Jimenes GrullónZNo se presta c34940d34940